<?xml version="1.0" encoding="UTF-8"?>
<collection xmlns="http://www.loc.gov/MARC21/slim">
<record>
  <controlfield tag="001">6650</controlfield>
  <controlfield tag="005">20240124200004.0</controlfield>
  <datafield tag="037" ind1=" " ind2=" ">
    <subfield code="a">CTALK-2024-0023</subfield>
  </datafield>
  <datafield tag="100" ind1=" " ind2=" ">
    <subfield code="a">Yan, Chi</subfield>
  </datafield>
  <datafield tag="245" ind1=" " ind2=" ">
    <subfield code="a">Probing Mars’ Ancient Magnetic Mysteries with Full Sphere Dynamo Simulations</subfield>
  </datafield>
  <datafield tag="260" ind1=" " ind2=" ">
    <subfield code="c">2023</subfield>
  </datafield>
  <datafield tag="269" ind1=" " ind2=" ">
    <subfield code="c">2023-12-13</subfield>
  </datafield>
  <datafield tag="500" ind1=" " ind2=" ">
    <subfield code="a">GP24A-04</subfield>
  </datafield>
  <datafield tag="520" ind1=" " ind2=" ">
    <subfield code="a">The magnetic data returned by the Mars Global Surveyor revealed a hemispherical crustal magnetic field most likely implying Martian dynamo action in its early history. Theories for the origin of the hemispherical dichotomy vary, including hydrothermal events, shock demagnetization and hemispherical dynamo action. Recent seismic measurements from the NASA Mars InSight mission revealed that Mars’ core has a relatively low density, implying the absence of a solid inner core throughout Mars’ history. Here we perform full sphere dynamo simulations to investigate the potential effect of dynamo action in a full sphere geometry on the creation of a hemispherical magnetic field. We find full sphere dynamos produce magnetic fields that are more hemispheric than models with small inner cores, with the same heat flux perturbations at the core mantle boundary. These studies should provide insights to Mars’ material properties in the interior, thermal histories and core evolution.</subfield>
  </datafield>
  <datafield tag="536" ind1=" " ind2=" ">
    <subfield code="a">3PRODPLANINT/</subfield>
    <subfield code="c">3PRODPLANINT/</subfield>
    <subfield code="f">3PRODPLANINT</subfield>
  </datafield>
  <datafield tag="594" ind1=" " ind2=" ">
    <subfield code="a">NO</subfield>
  </datafield>
  <datafield tag="700" ind1=" " ind2=" ">
    <subfield code="a">Barik, Ankit</subfield>
  </datafield>
  <datafield tag="700" ind1=" " ind2=" ">
    <subfield code="a">Stanley, Sabine</subfield>
  </datafield>
  <datafield tag="700" ind1=" " ind2=" ">
    <subfield code="a">Plesa, Ana-Catalina</subfield>
  </datafield>
  <datafield tag="700" ind1=" " ind2=" ">
    <subfield code="a">Rivoldini, Attilio</subfield>
  </datafield>
  <datafield tag="700" ind1=" " ind2=" ">
    <subfield code="a">Mittelholz, Anna</subfield>
  </datafield>
  <datafield tag="700" ind1=" " ind2=" ">
    <subfield code="a">Johnson, Catherine</subfield>
  </datafield>
  <datafield tag="773" ind1=" " ind2=" ">
    <subfield code="t">AGU 2023 San Fransisco</subfield>
  </datafield>
  <datafield tag="856" ind1="0" ind2=" ">
    <subfield code="f">attilio.rivoldini@ksb-orb.be</subfield>
  </datafield>
  <datafield tag="856" ind1="4" ind2="2">
    <subfield code="a">https://agu.confex.com/agu/fm23/meetingapp.cgi/Paper/1306076</subfield>
  </datafield>
  <datafield tag="906" ind1=" " ind2=" ">
    <subfield code="a">Invited</subfield>
  </datafield>
  <datafield tag="980" ind1=" " ind2=" ">
    <subfield code="a">CTALKINVI</subfield>
  </datafield>
</record>
</collection>